000 00875cam a2200253 a 4500
008
020 _a0881335525 (pbk.)
049 _aMAIN
050 0 0 _aHV7419 ADM
245 0 4 _aThe administration and management of criminal justice organizations :
_ba book of readings /
_cedited by Stan Stojkovic, John Klofas, David Kalinich.
260 _aProspect Heights, Ill. :
_bWaveland Press,
_c1990.
300 _axiii, 511 p. :
_bill. ;
_c23 cm.
504 _aIncludes bibliographical references.
650 0 _aCriminal justice, Administration of.
650 0 _aCriminal justice, Administration of
_zUnited States.
700 1 _aStojkovic, Stan.
700 1 _aKlofas, John.
700 1 _aKalinich, David B.
907 _a.b10230762
_b13-02-07
_c13-02-07
003
005 20230123134353.0
040 _cNUST
942 _cBOOKS
999 _c164743
_d164743